000 00474nam a2200169Ia 4500
001 14580
003 IN-NITTTR
005 20251114233137.0
008 251113s9999||||xx |||||||||||||| ||eng||
040 _beng
040 _cIN-NITTTR
041 _aeng
082 _a330.91724 S54P
100 _aSwift, Digby G.
245 0 _aPhysics for rural development :
_b a sourcebook for teachers and extension workers in developing countries. /
_cSwift, Digby G.
942 _2ddc
_cBK
999 _c17216
_d17216